000 00371nam a2200157Ia 4500
001 R-1547
003 CODICE-MESSINA
005 20260212102509.0
008 260211s9999 xx 000 0 und d
040 _cimportazione_messina
100 _aBarbara Alberti
245 0 _aTremate Tremate
245 0 _bLestreghe son tornate
260 _bRizzoli
942 _2ddc
_cBK
999 _c28052
_d28052